Wszystkie państwa śródlądowe - Statystyki

Ogólne statystyki
  • Ten quiz został rozwiązany 132 razy
    114 od ostatniego zresetowania
  • Średni wynik to 34 z 46
Statystyki odpowiedzi
Kontynent Państwo % Poprawnych
Europa Czechy
93%
Europa Słowacja
92%
Europa Andora
90%
Europa Szwajcaria
89%
Europa San Marino
88%
Europa Austria
86%
Azja Kazachstan
86%
Europa Liechtenstein
85%
Europa Watykan
85%
Europa Węgry
85%
Azja Mongolia
83%
Azja Nepal
83%
Ameryka Południowa Paragwaj
83%
Europa Serbia
83%
Europa Białoruś
82%
Ameryka Południowa Boliwia
82%
Azja Tadżykistan
82%
Azja Kirgistan
79%
Europa Macedonia Północna
79%
Azja Afganistan
78%
Azja Bhutan
78%
Afryka Czad
78%
Europa Luksemburg
78%
Azja Uzbekistan
78%
Afryka Lesotho
76%
Europa Kosowo
75%
Europa Mołdawia
75%
Afryka Niger
75%
Afryka Mali
72%
Azja Turkmenistan
72%
Afryka Eswatini
68%
Afryka Rwanda
68%
Afryka RepublikaŚrodkowoafrykańska
67%
Afryka Sudan
67%
Europa Armenia
63%
Afryka Sudan Południowy
63%
Afryka Zimbabwe
63%
Afryka Burundi
61%
Afryka Uganda
61%
Afryka Burkina Faso
60%
Afryka Zambia
58%
Afryka Botswana
57%
Europa Azerbejdżan
54%
Azja Laos
54%
Afryka Etiopia
50%
Afryka Malawi
50%
Nie znaleziono quizów pasujących do podanych kryteriów
Rozkład punktacji
Procent ludzi z każdym wynikiem
Percentyl według liczby udzielonych odpowiedzi
Twoja historia wyników
Nie rozwiązałeś tego quizu od ostatniego zresetowania